| 000 | 01262nam a2200301Ia 4500 | ||
|---|---|---|---|
| 001 | Z_6466 | ||
| 008 | 220601s9999 xx 000 0 und d | ||
| 020 | _a978-607-16-0849-9 | ||
| 082 | _a306. 854 L49 | ||
| 100 |
_aLewis, Oscar, 1914 -1970 _9183765 |
||
| 240 | _aThe children of Sánchez : autobiography of a mexican family | ||
| 245 | _aLos hijos de Sánchez : autobiografía de una familia mexicana ; Una muerte en la familia Sánchez / Oscar Lewis ; prólogo Claudio Lomnitz ; epílogo Susana M. Rigdon | ||
| 260 | _aMéxico : Fondo de Cultura Económica | ||
| 300 | _a625 p. | ||
| 440 |
_a(Colección Antropología) _9183766 |
||
| 500 | _aTraducción de la obra en inglés: The children of Sánchez : autobiography of a mexican family \ En portada : Una muerte en la familia Sánchez | ||
| 503 | _aej.1: consumo | ||
| 504 | _aIncliye índice | ||
| 650 | _a1. Familia -- Estudio -- México | ||
| 650 | _aPobreza -- México -- Ciudad de México -- biografía. | ||
| 650 | _aMéxico -- Condiciones sociales | ||
| 700 |
_aLomnitz, Claudio, pról. \ Rigdon, Susana M., epílogoÌ _9183768 |
||
| 901 | _a306. 854 L49 | ||
| 902 | _aA | ||
| 905 | _a523227 2012 mx 9221113311spa16 | ||
| 942 | _c1 | ||
| 999 |
_c217143 _d217143 |
||